| 000 | 00733cam a22002172 4500 | ||
|---|---|---|---|
| 001 | 0000003511 | ||
| 005 | 20151217151927.0 | ||
| 008 | 070508s xx 000 0 eng d | ||
| 020 | _cKES 500 | ||
| 040 |
_aKABU _cKABU |
||
| 050 | 0 |
_aLA1561 _b.K46 1999 |
|
| 110 | 2 |
_aKenya. _bCommission of Inquiry into the Education System of Kenya TIQET. _@0000153482 |
|
| 245 | 1 | 0 | _aTotally Integrated Quality Education and Training for unity, equity and development. |
| 260 |
_aNairobi : _bGovt. Printer, _c1999. |
||
| 300 | _axxxvii, 536 p. | ||
| 650 | 0 |
_aEducation _zKenya _xHistory. _@0000153483 |
|
| 700 | 1 |
_aKoech, Davy K. _@0000153484 |
|
| 852 | 1 | _9p800 KES | |
| 908 | _a070508 | ||
| 950 | _@1 | ||
| 999 |
_c6429 _d6429 |
||